000 01393nam a2200349 i 4500
003 CO-BoRNBP
005 20250605144812.0
007 ta
008 210726r20052013ag a br 000 0 spa d
020 _a9789871217069
040 _aCO-BoRNBP
_bspa
_erda
_cCO-BoRNBP
041 1 _aspa
_heng
082 0 4 _a612.4
_bB71a
_223
082 0 4 _a612.4
_bB71a1
_222
100 1 _aBranzei, Sylvia
_eautora
_959890
245 1 0 _aAsquerosología del cerebro a las tripas
_cSylvia Branzei ; ilustraciones de Jack Keely ; traducido de Paula Bombara ; adaptación Carla Baredes e Ileana Lotersztain
250 _aPrimera edición
_bTercera reimpresión
264 1 _aBuenos Aires, Argentina
_bEdiciones Iamiqué
_c2005
_c2013
300 _a80 páginas
_bilustraciones a color
_c21 cm
336 _atexto
_btxt
_2rdacontent
337 _asin mediación
_bn
_2rdamedia
338 _avolumen
_bnc
_2rdacarrier
521 _aRecomendado para un público infantil mayor de 9 años
534 _tGrossology and you
650 0 0 _aAnatomía humana
_xCuriosidades y enigmas
_xLiteratura infantil
_2LEMB
_959891
650 0 0 _aCuerpo humano.
_xCuriosidades y enigmas
_xLiteratura infantil
_2LEMB
_959892
700 1 _aKeely, Jack
_eilustradora
_959893
700 1 _aBombara, Paula
_etraductora
_959894
700 1 _aBaredes, Carla
_eadaptadora
_959895
700 1 _aLotersztain, Ileana
_eadaptadora
_959896
942 _2ddc
_cBKINF
999 _c57205
_d57205